000 00510cam a2200193ua 4500
001 3295
008 111014n ii |||gr||||Z||||||asm
020 _a81-86827-97-8
040 _cMAIN
082 _a891.4513
100 1 _aKalita, Arupa Patangia,
_eAuthor.
245 1 1 _aPass chotalar kathakata
_cby Arupa Patangia Kalita
250 _a1st.
260 _aGuahati:
_bJyoti prakashan,
_c2000.
300 _a181p:
_c23cm.
653 _aAssamese short stories
653 _aPass chotalar kathakata
942 _cBK
999 _c3140
_d3140